000
00267nam a2200097Ia 4500
001
745097
005
20250826164310.0
008
250824s9999 xx 000 0 und d
245
0
_a
ÇANAKKALEDE AÇAN VATAN ÇİÇEKLERİ
_c
HASAN BAYRAKTAR
260
_b
KAYALIPARK YAYINLARI
999
_c
745097
_d
745097